[Event "Alsace-Baden"]
[Site "Selestat"]
[Date "2019.09.22"]
[Round "1.33"]
[White "Pfenning, Uwe"]
[Black "Griggio, Jean Paul"]
[Result "1/2-1/2"]
[WhiteElo "1793"]
[BlackElo "1780"]
[PlyCount "58"]
[EventDate "2019.09.22"]
[EventType "team-match"]
[EventRounds "1"]
[EventCountry "FRA"]
[SourceTitle "CBM 192 Extra"]
[Source "Chessbase"]
[SourceDate "2019.11.06"]
[SourceVersion "1"]
[SourceVersionDate "2019.11.06"]
[SourceQuality "1"]
[WhiteTeam "Alsace"]
[BlackTeam "Baden"]
[WhiteTeamCountry "FRA"]
[BlackTeamCountry "GER"]

1. e4 c6 2. d4 d5 3. e5 Bf5 4. Bd3 Bxd3 5. Qxd3 Qa5+ 6. Bd2 Qa6 7. Qf3 e6 8. Ne2 Ne7 9. 0-0 h5 10. Nbc3 Nd7 11. a4 Qb6 12. b4 Nf5 13. a5 Qd8 14. Nd1 g5 15. Qd3 Bh6 16. Ne3 Ng7 17. c4 0-0 18. cxd5 cxd5 19. Nc3 a6 20. Na4 g4 21. Nc5 Nxc5 22. bxc5 Bxe3 23. fxe3 Nf5 24. Rxf5 exf5 25. Qxf5 Rc8 26. Qxh5 f5 27. Qg6+ Kh8 28. Qh6+ Kg8 29. Qg6+ Kh8 1/2-1/2

[Event "Espalion op 3rd"]
[Site "Espalion"]
[Date "2018.07.16"]
[Round "3"]
[White "Griggio, Jean Paul"]
[Black "Charlier, Antoine"]
[Result "1-0"]
[WhiteElo "1752"]
[BlackElo "1259"]
[PlyCount "131"]
[EventDate "2018.07.14"]
[EventType "swiss"]
[EventRounds "9"]
[EventCountry "FRA"]
[SourceTitle "CBM 185 Extra"]
[Source "ChessBase"]
[SourceDate "2018.07.29"]
[SourceVersion "1"]
[SourceVersionDate "2018.07.29"]
[SourceQuality "1"]

1. c4 Nf6 2. Nc3 e5 3. g3 Bc5 4. Bg2 Nc6 5. e3 d6 6. h3 Bf5 7. d3 Nb4 8. e4 Be6 9. Nge2 Nc6 10. 0-0 Qd7 11. Kh2 0-0 12. Bg5 Ne8 13. a3 a6 14. Be3 Ba7 15. Bxa7 Rxa7 16. Nd5 f5 17. Qd2 Nf6 18. Rac1 b6 19. b4 b5 20. c5 a5 21. Qc3 Ne7 22. Nxe7+ Qxe7 23. f4 axb4 24. axb4 Ra2 25. Rc2 Rxc2 26. Qxc2 fxe4 27. fxe5 dxe5 28. dxe4 Bc4 29. Rd1 Qe6 30. Rd2 Nh5 31. Nc3 Qg6 32. g4 Nf4 33. Nd5 Nxd5 34. exd5 Qxc2 35. Rxc2 Rf4 36. Rd2 Rf8 37. Kg3 g5 38. d6 cxd6 39. Rxd6 Rc8 40. Rd7 Re8 41. Be4 h6 42. c6 Be6 43. Rb7 Bc8 44. Rxb5 Ba6 45. Rb6 Ra8 46. c7 Rc8 47. Rb8 Kf7 48. Rxc8 Bxc8 49. Bf5 e4 50. Bxc8 e3 51. Ba6 e2 52. Kf2 Ke7 53. c8Q Kd6 54. Qc5+ Ke6 55. Kxe2 Kf6 56. Qd5 Kg6 57. Qe5 h5 58. Ke3 hxg4 59. hxg4 Kh6 60. Qf5 Kg7 61. Qe6 Kh7 62. Ke4 Kg7 63. Ke5 Kf8 64. Qd7 Kg8 65. Kf6 Kh8 66. Qg7# 1-0

[Event "Espalion op 1st"]
[Site "Espalion"]
[Date "2016.07.11"]
[Round "3"]
[White "Griggio, Jean Paul"]
[Black "Gaubert, Cedric"]
[Result "0-1"]
[WhiteElo "1736"]
[BlackElo "1518"]
[PlyCount "142"]
[EventDate "2016.07.09"]
[EventType "swiss"]
[EventRounds "9"]
[EventCountry "FRA"]
[SourceTitle "CBM 173 Extra"]
[Source "ChessBase"]
[SourceDate "2016.08.29"]
[SourceVersion "1"]
[SourceVersionDate "2016.08.29"]
[SourceQuality "1"]

1. d4 d5 2. Nf3 Nf6 3. c4 c6 4. h3 dxc4 5. a4 Bf5 6. e3 e6 7. Bxc4 Nbd7 8. 0-0 Nb6 9. Be2 h6 10. Nbd2 Be7 11. Nc4 Nxc4 12. Bxc4 0-0 13. a5 b6 14. a6 c5 15. Qe2 Rc8 16. Bd2 Bh7 17. Rfc1 Ne4 18. Be1 Nd6 19. dxc5 Rxc5 20. Bb4 Rxc4 21. Rxc4 Nxc4 22. Bxe7 Bd3 23. Nd4 Bxe2 24. Bxd8 Rxd8 25. Nxe2 Nxb2 26. Nd4 Rd7 27. Kf1 Nd3 28. Ke2 Nc5 29. Ra3 Kf8 30. f3 Ke7 31. Nb5 e5 32. e4 Ke6 33. Ke3 f5 34. exf5+ Kxf5 35. g3 h5 36. g4+ hxg4 37. hxg4+ Kg5 38. Ra2 Re7 39. Nd6 e4 40. Nc8 Rc7 41. Nxb6 exf3 42. Kxf3 Rf7+ 43. Ke3 Nxa6 44. Nc8 Nb4 45. Rxa7 Rxa7 46. Nxa7 Kxg4 47. Nb5 g5 48. Ke4 Nc6 49. Nc3 Kh3 50. Nd5 g4 51. Nf4+ Kg3 52. Ne2+ Kh4 53. Kf4 Nb4 54. Ke4 Nc2 55. Kf4 Ne1 56. Ke3 Ng2+ 57. Kf2 Kh3 58. Ng1+ Kh2 59. Ne2 Nh4 60. Ng3 Ng6 61. Nf1+ Kh3 62. Ne3 g3+ 63. Kg1 Nf4 64. Kf1 Kh2 65. Ng4+ Kh1 66. Nf2+ Kh2 67. Ng4+ Kh3 68. Nf2+ Kh4 69. Nd1 Kg4 70. Nf2+ Kf3 71. Nd1 g2+ 0-1

[Event "St Chely d'Aubrac op 11th"]
[Site "St Chely d'Aubrac"]
[Date "2011.07.11"]
[Round "3"]
[White "Biaux, Alain"]
[Black "Griggio, Jean Paul"]
[Result "1-0"]
[WhiteElo "1909"]
[BlackElo "1784"]
[PlyCount "81"]
[EventDate "2011.07.09"]
[EventType "swiss"]
[EventRounds "7"]
[EventCountry "FRA"]
[SourceTitle "CBM 143 Extra"]
[Source "ChessBase"]
[SourceDate "2011.08.29"]
[SourceVersion "1"]
[SourceVersionDate "2011.08.29"]
[SourceQuality "1"]

1. d4 c5 2. d5 d6 3. Nc3 g6 4. e4 Bg7 5. Nf3 Bg4 6. Be2 Nd7 7. 0-0 Ngf6 8. Nd2 Bxe2 9. Qxe2 Nb6 10. a4 a5 11. Nb5 0-0 12. c4 Ne8 13. f4 Nd7 14. Nf3 Nc7 15. e5 Nxb5 16. axb5 Nb6 17. e6 f6 18. h4 Qe8 19. h5 Bh6 20. hxg6 hxg6 21. Nh4 Kh7 22. f5 g5 23. Nf3 Kg7 24. Nh2 Rh8 25. Ng4 Qh5 26. Ra3 Rh7 27. Rh3 Qe8 28. Rh1 Qh8 29. Rf3 Kg8 30. Rfh3 Bg7 31. Rxh7 Qxh7 32. Rxh7 Kxh7 33. Nxf6+ Bxf6 34. Qh5+ Kg8 35. Qf7+ Kh8 36. Bxg5 Bd4+ 37. Kh1 Nxc4 38. Bxe7 Ne3 39. f6 Nf5 40. Qh5+ Kg8 41. Qxf5 1-0

[Event "St Chely d'Aubrac op 10th"]
[Site "St Chely d'Aubrac"]
[Date "2010.07.14"]
[Round "6"]
[White "Griggio, Jean Paul"]
[Black "Duffau, Pascal"]
[Result "0-1"]
[WhiteElo "1788"]
[BlackElo "2034"]
[PlyCount "140"]
[EventDate "2010.07.10"]
[EventType "swiss"]
[EventRounds "9"]
[EventCountry "FRA"]
[SourceTitle "CBM 137 Extra"]
[Source "ChessBase"]
[SourceDate "2010.09.01"]
[SourceVersion "1"]
[SourceVersionDate "2010.09.01"]
[SourceQuality "1"]

1. c4 e6 2. Nf3 Nf6 3. Nc3 d5 4. d4 c6 5. b3 Nbd7 6. e3 Bd6 7. cxd5 exd5 8. Be2 0-0 9. 0-0 Re8 10. Bb2 Nf8 11. Qc2 Ng6 12. Rac1 Ne4 13. Na4 Qe7 14. Nc5 Bg4 15. Nxe4 dxe4 16. Ne5 Bxe2 17. Nxg6 hxg6 18. Qxe2 Qh4 19. g3 Qh6 20. Rfd1 Rad8 21. Rc2 g5 22. Rcd2 Qh3 23. Qf1 Qg4 24. Qe2 Qh3 25. Qf1 Qf5 26. Bc3 g4 27. d5 c5 28. Qb5 Qd7 29. Qxd7 Rxd7 30. Kg2 Be5 31. Bxe5 Rxe5 32. d6 f6 33. h4 gxh3+ 34. Kxh3 Kf7 35. Kg2 Ke6 36. f4 exf3+ 37. Kxf3 Rh5 38. e4 Rh8 39. Rd5 b6 40. Kf4 Rhd8 41. e5 g5+ 42. Ke4 f5+ 43. Kf3 Rc8 44. g4 a6 45. gxf5+ Kxf5 46. e6+ Kxe6 47. Rxg5 Rc6 48. Kg4 Rdxd6 49. Rg6+ Ke7 50. Re1+ Re6 51. Rgxe6+ Rxe6 52. Rxe6+ Kxe6 53. Kf4 Kd5 54. Ke3 b5 55. Kd3 c4+ 56. Kc3 Kc5 57. a3 a5 58. bxc4 bxc4 59. a4 Kd5 60. Kd2 Kd4 61. Kc2 c3 62. Kd1 Kc4 63. Kc2 Kb4 64. Kb1 Kxa4 65. Kc2 Kb4 66. Kb1 a4 67. Kc2 a3 68. Kb1 Kb3 69. Ka1 Kc2 70. Ka2 Kd1 0-1

[Event "St Chely d'Aubrac op 9th"]
[Site "St Chely d'Aubrac"]
[Date "2009.07.14"]
[Round "5"]
[White "Muheim, Sebastien"]
[Black "Griggio, Jean Paul"]
[Result "1-0"]
[WhiteElo "2035"]
[BlackElo "1813"]
[PlyCount "93"]
[EventDate "2009.07.11"]
[EventType "swiss"]
[EventRounds "9"]
[EventCountry "FRA"]
[SourceTitle "EXT 2010"]
[Source "ChessBase"]
[SourceDate "2010.11.25"]
[SourceVersion "1"]
[SourceVersionDate "2010.11.25"]
[SourceQuality "1"]

1. d4 Nf6 2. c4 g6 3. Nc3 d5 4. e3 Bg7 5. Qb3 dxc4 6. Bxc4 0-0 7. Nf3 c6 8. 0-0 b5 9. Be2 Be6 10. Qc2 Na6 11. a3 Rc8 12. Rd1 Qb6 13. h3 Rfd8 14. b4 Nc7 15. e4 Qb7 16. Be3 h6 17. Nd2 Na8 18. Nb3 Bxb3 19. Qxb3 Nb6 20. Rac1 a6 21. a4 e6 22. a5 Nbd7 23. f4 Qb8 24. Bf3 Nh5 25. Ne2 Nhf6 26. Rc2 Qb7 27. Rdc1 Nb8 28. g4 Qd7 29. g5 Ne8 30. e5 Nc7 31. Bxc6 Nxc6 32. Rxc6 Nd5 33. Rxa6 Rxc1+ 34. Bxc1 Qb7 35. Rd6 Rc8 36. a6 Qa7 37. f5 gxf5 38. Qg3 Rxc1+ 39. Kg2 f4 40. Qd3 Ne3+ 41. Kh2 Nf1+ 42. Kg1 Ra1 43. Qc3 Qa8 44. Qxa1 Ne3 45. Nxf4 hxg5 46. d5 gxf4 47. Qa5 1-0

[Event "St Chely d'Aubrac op 8th"]
[Site "St Chely d'Aubrac"]
[Date "2008.07.17"]
[Round "7"]
[White "Duffau, Pascal"]
[Black "Griggio, Jean Paul"]
[Result "1-0"]
[WhiteElo "2019"]
[BlackElo "1798"]
[PlyCount "111"]
[EventDate "2008.07.13"]
[EventType "swiss"]
[EventRounds "9"]
[EventCountry "FRA"]
[SourceTitle "CBM 125 Extra"]
[Source "ChessBase"]
[SourceDate "2008.09.01"]
[SourceVersion "1"]
[SourceVersionDate "2008.09.01"]
[SourceQuality "1"]

1. Nf3 Nf6 2. c4 c5 3. Nc3 Nc6 4. d4 cxd4 5. Nxd4 g6 6. e4 d6 7. Be2 Bg7 8. Be3 Ne5 9. 0-0 0-0 10. Kh1 Bd7 11. f4 Neg4 12. Bg1 Qc8 13. Qd3 a6 14. a4 e5 15. Nc2 Bc6 16. h3 Nh6 17. g4 Nhxg4 18. hxg4 Nxg4 19. Nb4 exf4 20. Rxf4 Ne5 21. Qg3 Qe6 22. Nbd5 Rac8 23. Raf1 f5 24. exf5 gxf5 25. Kh2 Ng6 26. Bd4 Be5 27. Bxe5 dxe5 28. Rxf5 Rxf5 29. Rxf5 Rf8 30. Rxf8+ Kxf8 31. Bd3 Nf4 32. Nxf4 exf4 33. Qxf4+ Kg7 34. Ne4 Qg6 35. b3 h5 36. Qe5+ Kf8 37. Qf6+ Qxf6 38. Nxf6 Bf3 39. Bc2 Ke7 40. Kg3 Bh1 41. Nxh5 Kd6 42. Nf6 Ke5 43. Nd5 Kd4 44. Kf4 Bxd5 45. cxd5 Kxd5 46. Ke3 b5 47. Kd3 Kc5 48. Kc3 bxa4 49. bxa4 a5 50. Be4 Kb6 51. Kc4 Ka6 52. Kc5 Ka7 53. Kb5 Kb8 54. Kxa5 Ka7 55. Bd5 Kb8 56. Kb6 1-0

[Event "St Chely d'Aubrac op 8th"]
[Site "St Chely d'Aubrac"]
[Date "2008.07.13"]
[Round "1"]
[White "Sokolov, Andrei"]
[Black "Griggio, Jean Paul"]
[Result "1-0"]
[WhiteElo "2561"]
[BlackElo "1798"]
[PlyCount "67"]
[EventDate "2008.07.13"]
[EventType "swiss"]
[EventRounds "9"]
[EventCountry "FRA"]
[SourceTitle "CBM 125 Extra"]
[Source "ChessBase"]
[SourceDate "2008.09.01"]
[SourceVersion "1"]
[SourceVersionDate "2008.09.01"]
[SourceQuality "1"]

1. e4 Nf6 2. e5 Nd5 3. d4 d6 4. Nf3 Bg4 5. Be2 Nd7 6. h3 Bh5 7. c4 N5b6 8. e6 Nf6 9. Ng5 Bg6 10. exf7+ Bxf7 11. Nxf7 Kxf7 12. 0-0 e5 13. Be3 Nbd7 14. Nc3 Be7 15. Qb3 exd4 16. Bxd4 c5 17. Be3 Qb6 18. Qc2 Rhd8 19. Bd3 g6 20. Rae1 Re8 21. f4 Kg7 22. g4 Qd8 23. b3 Nf8 24. Qg2 Qd7 25. g5 Nh5 26. Nd5 Bd8 27. Bd2 Rxe1 28. Rxe1 Kg8 29. Bc3 Ne6 30. Qg4 Nf8 31. Be4 Ng7 32. Nf6+ Bxf6 33. Bd5+ Nge6 34. Rxe6 1-0